000 00939nam a22002417a 4500
005 20240530110910.0
008 220214s2007 ua g 000 0 ara d
017 _bمصر. دار الكتب
_a2007/3217
020 _a9774087135
040 _aEG-CaGPL
_cEG-CaGPL
082 0 4 _221
_a239.9 /
_bم س
100 0 _aمنصور على عرابى
245 0 _aسيدنا ابو بكر الصديق رضى الله عنه ثانى اثنين اذ هما فى الغار /
_cمنصور على عرابى
250 _aط. 1
260 _aالقاهرة :
_bدار الفاروق للاستثمارات الثقافية،
_c2007
300 _a126 ؛
_c24 سم
650 0 7 _2qrmak
_aالخلفاء الراشدون
650 0 7 _2qrmak
_aابو بكر الصديق
650 0 7 _2qrmak
_aحروب الردة
650 0 7 _2qrmak
_aالفتوحات الاسلامية
942 _2ddc
_cBK
999 _c66284
_d66284